[Event "Seville op 49th"]
[Site "Seville"]
[Date "2024.01.17"]
[Round "6"]
[White "Luch, Michal"]
[Black "Midoux, Sebastien"]
[Result "0-1"]
[WhiteElo "2339"]
[BlackElo "2123"]
[PlyCount "127"]
[EventDate "2024.01.12"]
[EventType "swiss"]
[EventRounds "9"]
[EventCountry "ESP"]
[SourceTitle "CB04_2024"]
[SourceDate "2023.10.16"]
[SourceVersion "1"]
[SourceVersionDate "2023.10.16"]
[SourceQuality "1"]

1. d4 d5 2. c4 dxc4 3. Nf3 Nf6 4. Qa4+ c6 5. Qxc4 Bf5 6. g3 e6 7. Bg2 Be7 8. 0-0 0-0 9. Nbd2 h6 10. Qb3 Qb6 11. Nc4 Qa6 12. Bf4 Rd8 13. Rac1 Be4 14. Bc7 Rd7 15. Bxb8 Rxb8 16. e3 Rdd8 17. Rfd1 Nd7 18. Nfe5 Bxg2 19. Kxg2 Nxe5 20. Nxe5 Qb6 21. Qxb6 axb6 22. a4 Ra8 23. b3 Bd6 24. Nc4 Bc7 25. Rd2 Rd7 26. Rcd1 Kf8 27. e4 b5 28. axb5 cxb5 29. Ne3 Bb6 30. Kf3 Ra3 31. Rd3 Ra2 32. d5 Ke7 33. R1d2 Rxd2 34. Rxd2 h5 35. e5 f6 36. d6+ Kf7 37. Ke4 fxe5 38. Kxe5 Bd8 39. Rd3 Bf6+ 40. Ke4 Rd8 41. f4 g6 42. h3 Ke8 43. g4 Kd7 44. g5 Bg7 45. Ng2 Rg8 46. Nh4 Bf8 47. Nf3 Bxd6 48. Ne5+ Ke7 49. Rc3 Kd8 50. Rc2 Ke7 51. Rc1 Kd8 52. Ra1 Kc7 53. Rd1 Rg7 54. Rd3 Rg8 55. Nf7 Ba3 56. Ke5 Bb2+ 57. Kxe6 Re8+ 58. Kd5 Rf8 59. Nd6 Rxf4 60. Ke6 b4 61. Ne8+ Kc6 62. Nf6 Rf5 63. h4 Bc1 64. Rd5 0-1

[Event "Seville op 49th"]
[Site "Seville"]
[Date "2024.01.15"]
[Round "4"]
[White "Luch, Michal"]
[Black "Ortega Valle, Jose Ramon"]
[Result "1-0"]
[WhiteElo "2339"]
[BlackElo "2029"]
[PlyCount "75"]
[EventDate "2024.01.12"]
[EventType "swiss"]
[EventRounds "9"]
[EventCountry "ESP"]
[SourceTitle "CB04_2024"]
[SourceDate "2023.10.16"]
[SourceVersion "1"]
[SourceVersionDate "2023.10.16"]
[SourceQuality "1"]

1. d4 g6 2. e4 Nf6 3. e5 Nh5 4. Nf3 d6 5. Bc4 c6 6. h3 b5 7. Bb3 a5 8. a4 bxa4 9. Rxa4 Ba6 10. c4 dxe5 11. Nxe5 Bg7 12. 0-0 0-0 13. Re1 e6 14. Qd2 c5 15. d5 Qd6 16. Nf3 exd5 17. cxd5 Nd7 18. Rxa5 Rae8 19. Rxe8 Rxe8 20. Ba4 Re2 21. Qd1 Ne5 22. Nbd2 Qb6 23. Qxe2 Qxa5 24. Qd1 Nf4 25. Nxe5 Bxe5 26. Nf3 Ne2+ 27. Kh1 Bd6 28. Be3 Qb4 29. Qb3 Qe4 30. Qc2 Qxd5 31. Bb3 Qc6 32. Ng5 c4 33. Ba4 Qd5 34. Qxe2 Qa5 35. Qd2 Qe5 36. Nf3 Qe6 37. Bc6 Bc7 38. Qd7 1-0

[Event "POL-chT 1st League"]
[Site "Leba"]
[Date "2023.09.27"]
[Round "5.1"]
[White "Protaziuk, Grzegorz"]
[Black "Luch, Michal"]
[Result "1/2-1/2"]
[WhiteElo "2340"]
[BlackElo "2333"]
[PlyCount "21"]
[EventDate "2023.09.23"]
[EventType "team-swiss"]
[EventRounds "9"]
[EventCountry "POL"]
[SourceTitle "EXT 2024"]
[Source "ChessBase"]
[SourceDate "2023.10.10"]
[SourceVersion "1"]
[SourceVersionDate "2023.10.10"]
[SourceQuality "1"]
[WhiteTeam "Wrzos Miedzyborow"]
[BlackTeam "Wisznia Mala Bialy Krol"]
[WhiteTeamCountry "POL"]
[BlackTeamCountry "POL"]

1. d4 d5 2. Nf3 Nf6 3. Bf4 c5 4. e3 cxd4 5. exd4 Nc6 6. c3 a6 7. h3 Bf5 8. Bd3 Bxd3 9. Qxd3 e6 10. Nbd2 Bd6 11. Bxd6 1/2-1/2

[Event "BL2-Nord 2223"]
[Site "Germany"]
[Date "2023.03.18"]
[Round "9.6"]
[White "Luch, Michal"]
[Black "Zierke, Oliver"]
[Result "1/2-1/2"]
[WhiteElo "2371"]
[BlackElo "2264"]
[PlyCount "25"]
[EventDate "2022.10.22"]
[EventType "team-tourn"]
[EventRounds "10"]
[EventCountry "GER"]
[SourceTitle "EXT 2024"]
[Source "ChessBase"]
[SourceDate "2023.10.10"]
[SourceVersion "1"]
[SourceVersionDate "2023.10.10"]
[SourceQuality "1"]
[WhiteTeam "Zehlendorf"]
[BlackTeam "Norderstedt"]
[WhiteTeamCountry "GER"]
[BlackTeamCountry "GER"]

1. d4 d5 2. Nf3 c5 3. dxc5 e6 4. c4 Bxc5 5. e3 Nf6 6. a3 a5 7. Nc3 0-0 8. cxd5 exd5 9. Be2 Nc6 10. Nb5 Ne4 11. 0-0 Bg4 12. h3 Be6 13. Bd3 1/2-1/2

[Event "BL2-Nord 2223"]
[Site "Germany"]
[Date "2023.02.25"]
[Round "7.6"]
[White "Luch, Michal"]
[Black "Pubantz, Jan"]
[Result "1/2-1/2"]
[WhiteElo "2371"]
[BlackElo "2274"]
[PlyCount "31"]
[EventDate "2022.10.22"]
[EventType "team-tourn"]
[EventRounds "10"]
[EventCountry "GER"]
[SourceTitle "EXT 2024"]
[Source "ChessBase"]
[SourceDate "2023.10.10"]
[SourceVersion "1"]
[SourceVersionDate "2023.10.10"]
[SourceQuality "1"]
[WhiteTeam "Zehlendorf"]
[BlackTeam "Lister Turm"]
[WhiteTeamCountry "GER"]
[BlackTeamCountry "GER"]

1. d4 d5 2. c4 c6 3. Nf3 Nf6 4. Qc2 g6 5. Bf4 Bg7 6. e3 0-0 7. Nc3 Bg4 8. Ne5 Bf5 9. Qb3 Nbd7 10. Be2 dxc4 11. Qxb7 Nxe5 12. Bxe5 Nd5 13. 0-0 Bxe5 14. dxe5 Nxc3 15. bxc3 Qd2 16. Bxc4 1/2-1/2

[Event "Trzcianka Dziedzic Memorial 12th"]
[Site "Trzcianka"]
[Date "2022.11.13"]
[Round "5"]
[White "Chojnacki, Krzysztof"]
[Black "Luch, Michal"]
[Result "0-1"]
[WhiteElo "2321"]
[BlackElo "2371"]
[PlyCount "92"]
[EventDate "2022.11.13"]
[EventType "swiss (rapid)"]
[EventRounds "9"]
[EventCountry "POL"]
[SourceTitle "CBM 211 Extra"]
[Source "ChessBase"]
[SourceDate "2023.01.31"]
[SourceVersion "1"]
[SourceVersionDate "2023.01.31"]
[SourceQuality "1"]

1. d4 Nf6 2. c4 e6 3. Nc3 Bb4 4. e3 0-0 5. Bd3 d5 6. a3 Bxc3+ 7. bxc3 c5 8. cxd5 exd5 9. Ne2 b6 10. 0-0 Ba6 11. Ng3 Re8 12. f3 Bxd3 13. Qxd3 Nc6 14. Bb2 Na5 15. Rae1 Qc7 16. e4 cxd4 17. cxd4 Qc4 18. Qd2 Nb3 19. Qf2 g6 20. e5 Nd7 21. f4 f5 22. exf6 Nxf6 23. f5 Rxe1 24. Rxe1 Rf8 25. fxg6 hxg6 26. Re6 Kg7 27. Qf4 Qc2 28. h3 Qxb2 29. Nf5+ gxf5 30. Qg5+ Kh8 31. Kh2 Nh7 32. Qh6 Qc1 33. Qh4 Qc7+ 34. Kh1 Qg7 35. Re7 Qg6 36. Qf4 Na5 37. Qe5+ Qf6 38. Qc7 Ng5 39. Rd7 Nc4 40. Rxd5 Ne3 41. Rd6 Qg7 42. Rd7 Nf7 43. g4 fxg4 44. Qf4 gxh3 45. Qh4+ Qh6 46. Qf2 Qc6+ 0-1

[Event "Trzcianka Dziedzic Memorial 12th"]
[Site "Trzcianka"]
[Date "2022.11.13"]
[Round "6"]
[White "Luch, Michal"]
[Black "Cyborowski, Lukasz"]
[Result "0-1"]
[WhiteElo "2371"]
[BlackElo "2495"]
[PlyCount "112"]
[EventDate "2022.11.13"]
[EventType "swiss (rapid)"]
[EventRounds "9"]
[EventCountry "POL"]
[SourceTitle "CBM 211 Extra"]
[Source "ChessBase"]
[SourceDate "2023.01.31"]
[SourceVersion "1"]
[SourceVersionDate "2023.01.31"]
[SourceQuality "1"]

1. d4 Nf6 2. c4 e6 3. Nc3 d5 4. Nf3 Be7 5. Bg5 0-0 6. e3 h6 7. Bh4 b6 8. Rc1 Bb7 9. cxd5 Nxd5 10. Bxe7 Qxe7 11. Bc4 Nxc3 12. Rxc3 Nd7 13. Bb5 Nf6 14. Bc6 Bxc6 15. Rxc6 Qb4+ 16. Qd2 Qa4 17. Rxc7 Rfc8 18. Rxc8+ Rxc8 19. 0-0 Qxa2 20. Rc1 Qa6 21. Rxc8+ Qxc8 22. Ne5 Ne4 23. Qd1 a5 24. f3 Nd6 25. h3 b5 26. Kh2 Qc7 27. f4 a4 28. Qd2 Nf5 29. Qd3 f6 30. Nf3 Nd6 31. d5 Qc4 32. Qa3 Qxd5 33. Nd4 Nc4 34. Qe7 Nxe3 35. Qxe6+ Qxe6 36. Nxe6 b4 37. Nc5 a3 38. bxa3 bxa3 39. Nb3 Kf7 40. Nc1 Ke6 41. Kg3 Kd5 42. Kf3 Kd4 43. g4 Nd5 44. g5 f5 45. gxh6 gxh6 46. Na2 Nc3 47. Nb4 a2 48. Kg3 Kc4 49. Nxa2 Nxa2 50. Kh4 Kd4 51. Kh5 Nc3 52. Kxh6 Ne2 53. Kg5 Ke4 54. h4 Nxf4 55. Kf6 Nd5+ 56. Ke6 Ne3 0-1

[Event "BL2-Nord 2223"]
[Site "Germany"]
[Date "2022.10.22"]
[Round "1.6"]
[White "Maciejczak, Jakub"]
[Black "Luch, Michal"]
[Result "1/2-1/2"]
[WhiteElo "2359"]
[BlackElo "2371"]
[PlyCount "43"]
[EventDate "2022.10.22"]
[EventType "team-tourn"]
[EventRounds "10"]
[EventCountry "GER"]
[SourceTitle "EXT 2024"]
[Source "ChessBase"]
[SourceDate "2023.10.10"]
[SourceVersion "1"]
[SourceVersionDate "2023.10.10"]
[SourceQuality "1"]
[WhiteTeam "Ruedersdorf Glueckauf"]
[BlackTeam "Zehlendorf"]
[WhiteTeamCountry "GER"]
[BlackTeamCountry "GER"]

1. e4 c5 2. Nc3 a6 3. a4 Nc6 4. g3 g6 5. Bg2 Bg7 6. d3 d6 7. f4 Rb8 8. Nf3 Nf6 9. 0-0 0-0 10. h3 b5 11. axb5 axb5 12. Be3 b4 13. Ne2 Bb7 14. Nd2 Nd7 15. c3 Ra8 16. Qc2 bxc3 17. Rxa8 Qxa8 18. bxc3 Qa6 19. Rb1 Rb8 20. Nc4 Ba8 21. Rxb8+ Ncxb8 22. Qb2 1/2-1/2

[Event "POL-chT Ekstraliga"]
[Site "Bydgoszcz"]
[Date "2022.09.07"]
[Round "5.5"]
[White "Luch, Michal"]
[Black "Kuzubov, Yuriy"]
[Result "0-1"]
[WhiteElo "2364"]
[BlackElo "2627"]
[PlyCount "92"]
[EventDate "2022.09.03"]
[EventType "team-tourn"]
[EventRounds "9"]
[EventCountry "POL"]
[SourceTitle "CBM 210 Extra"]
[Source "ChessBase"]
[SourceDate "2022.11.30"]
[SourceVersion "1"]
[SourceVersionDate "2022.11.30"]
[SourceQuality "1"]
[WhiteTeam "Wisznia Mala Bialy Krol"]
[BlackTeam "Pegow Wieza"]
[WhiteTeamCountry "POL"]
[BlackTeamCountry "POL"]

1. d4 Nf6 2. c4 e6 3. Nf3 d5 4. Nc3 dxc4 5. e3 a6 6. a4 c5 7. Bxc4 Nc6 8. 0-0 Be7 9. Qe2 0-0 10. dxc5 Qc7 11. h3 Bxc5 12. Bd2 Bd7 13. Rfc1 Ne5 14. Ba2 Nxf3+ 15. Qxf3 Bc6 16. Qe2 Qe5 17. Rab1 Rfd8 18. Rd1 Ne4 19. Rbc1 Nxd2 20. Rxd2 Qg5 21. Rxd8+ Rxd8 22. g3 Qf5 23. Kh2 h5 24. Bb1 Qe5 25. Be4 Bxe4 26. Nxe4 Be7 27. Qf3 h4 28. Kg2 f5 29. Nc3 hxg3 30. Qxg3 Qxg3+ 31. Kxg3 Rd2 32. Nd1 e5 33. Kf3 e4+ 34. Kf4 g6 35. Kg3 Kf7 36. Kg2 Ke6 37. Rb1 g5 38. Nc3 Bf6 39. Kf1 b6 40. Ne2 Rxb2 41. Rc1 Be5 42. Rc6+ Kd5 43. Rg6 f4 44. exf4 gxf4 45. Ke1 f3 46. Ng3 Bf4 0-1

[Event "Pardubice Czech op-A 33rd"]
[Site "Pardubice"]
[Date "2022.07.28"]
[Round "7"]
[White "Aradhya, Garg"]
[Black "Luch, Michal"]
[Result "1/2-1/2"]
[WhiteElo "2229"]
[BlackElo "2375"]
[PlyCount "111"]
[EventDate "2022.07.22"]
[EventType "swiss"]
[EventRounds "9"]
[EventCountry "CZE"]
[SourceTitle "CBM 209 Extra"]
[Source "ChessBase"]
[SourceDate "2022.09.30"]
[SourceVersion "1"]
[SourceVersionDate "2022.09.30"]
[SourceQuality "1"]

1. d4 Nf6 2. c4 e6 3. Nc3 Bb4 4. e3 0-0 5. Bd2 c5 6. d5 exd5 7. cxd5 d6 8. Nge2 Nbd7 9. a3 Ba5 10. Nf4 a6 11. Be2 b5 12. b4 Bb6 13. 0-0 Re8 14. Qb1 Bb7 15. Rd1 Rc8 16. bxc5 dxc5 17. Be1 Ba5 18. d6 c4 19. Nfd5 Bxd5 20. Nxd5 Bxe1 21. Ne7+ Rxe7 22. dxe7 Bxf2+ 23. Kxf2 Qxe7 24. Bf3 Nc5 25. g3 Re8 26. Kg2 Qxe3 27. Re1 Qd2+ 28. Kh1 Rxe1+ 29. Qxe1 Qxe1+ 30. Rxe1 Kf8 31. Bc6 Ne6 32. Kg2 h5 33. Bb7 Nc5 34. Bc8 c3 35. Bf5 g6 36. Bc2 Ne6 37. Bxg6 Nd4 38. Bd3 a5 39. Rb1 Nd5 40. Kf2 b4 41. axb4 axb4 42. Bc4 Nb6 43. Bd3 Nd5 44. Bc4 c2 45. Rc1 Nb6 46. Ba2 Na4 47. Ke3 Nc3 48. Bc4 b3 49. Bxb3 Nxb3 50. Rxc2 Nb5 51. Rc4 Kg7 52. Rb4 N3d4 53. Rxd4 Nxd4 54. Kxd4 Kf6 55. Ke4 Kg5 56. Kf3 1/2-1/2

[Event "Pardubice Czech op-A 33rd"]
[Site "Pardubice"]
[Date "2022.07.26"]
[Round "5"]
[White "Savitha Shri, B."]
[Black "Luch, Michal"]
[Result "1/2-1/2"]
[WhiteElo "2278"]
[BlackElo "2375"]
[PlyCount "80"]
[EventDate "2022.07.22"]
[EventType "swiss"]
[EventRounds "9"]
[EventCountry "CZE"]
[SourceTitle "CBM 209 Extra"]
[Source "ChessBase"]
[SourceDate "2022.09.30"]
[SourceVersion "1"]
[SourceVersionDate "2022.09.30"]
[SourceQuality "1"]

1. e4 c5 2. Nf3 Nc6 3. d4 cxd4 4. Nxd4 Qb6 5. Nb3 Nf6 6. Nc3 e6 7. Be3 Qc7 8. f3 Bb4 9. a3 Bxc3+ 10. bxc3 d5 11. exd5 Nxd5 12. Bd2 Ne5 13. f4 Nc4 14. Bxc4 Qxc4 15. Qf3 b6 16. Qd3 Ba6 17. Qxc4 Bxc4 18. 0-0-0 0-0 19. Rhe1 Rfc8 20. Nd4 g6 21. g4 Rc7 22. f5 exf5 23. gxf5 Kg7 24. h4 Kg8 25. h5 g5 26. Bxg5 f6 27. Bd2 Kf7 28. Ne6 Rcc8 29. Bh6 b5 30. Rd4 Nb6 31. Bf4 Re8 32. Bc7 Bxe6 33. fxe6+ Rxe6 34. Rg1 Rae8 35. Bxb6 axb6 36. Kb2 Re1 37. Rg3 R1e3 38. Rg1 Re1 39. Rg3 R1e3 40. Rg1 Re1 1/2-1/2

[Event "Pardubice rapid op 33rd"]
[Site "Pardubice"]
[Date "2022.07.21"]
[Round "4"]
[White "Aradhya, Garg"]
[Black "Luch, Michal"]
[Result "1/2-1/2"]
[WhiteElo "2229"]
[BlackElo "2375"]
[PlyCount "111"]
[EventDate "2022.07.20"]
[EventType "swiss (rapid)"]
[EventRounds "9"]
[EventCountry "CZE"]
[SourceTitle "CBM 209 Extra"]
[Source "ChessBase"]
[SourceDate "2022.09.30"]
[SourceVersion "1"]
[SourceVersionDate "2022.09.30"]
[SourceQuality "1"]

1. d4 d5 2. c4 e6 3. Nc3 Nf6 4. cxd5 exd5 5. Bg5 c6 6. e3 Be6 7. Bd3 Nbd7 8. Nge2 h6 9. Bh4 g5 10. Bg3 Nh5 11. Qc2 Nxg3 12. hxg3 Qf6 13. f3 h5 14. 0-0-0 0-0-0 15. Kb1 Kb8 16. Qd2 Qe7 17. Rh2 Bg7 18. e4 dxe4 19. Nxe4 f6 20. f4 Bg4 21. fxg5 fxg5 22. Qxg5 Qxg5 23. Nxg5 Rde8 24. Nf3 Re3 25. Kc2 c5 26. Rdh1 cxd4 27. Nf4 Nc5 28. Bg6 Rc8 29. Kb1 d3 30. Rd1 Bxf3 31. gxf3 Rxf3 32. Nxd3 Rd8 33. Rxh5 Nxd3 34. Rh7 Be5 35. g4 Re3 36. Re7 Rd6 37. Bxd3 a6 38. Bc2 Rxd1+ 39. Bxd1 Re1 40. Kc2 Re3 41. Bf3 Rxf3 42. Rxe5 Rg3 43. Rg5 Kc7 44. a4 Kc6 45. b4 Ra3 46. a5 Rg3 47. Rc5+ Kd6 48. Rc4 Kd5 49. Rc7 Rxg4 50. Rxb7 Kc4 51. Rb6 Rg2+ 52. Kd1 Kb3 53. Ke1 Rg4 54. Rxa6 Kxb4 55. Ra8 Kb5 56. a6 1/2-1/2

[Event "Pardubice rapid op 33rd"]
[Site "Pardubice"]
[Date "2022.07.21"]
[Round "7"]
[White "Luch, Michal"]
[Black "Strebkovs, Andrejs"]
[Result "1-0"]
[WhiteElo "2375"]
[BlackElo "2283"]
[PlyCount "125"]
[EventDate "2022.07.20"]
[EventType "swiss (rapid)"]
[EventRounds "9"]
[EventCountry "CZE"]
[SourceTitle "CBM 209 Extra"]
[Source "ChessBase"]
[SourceDate "2022.09.30"]
[SourceVersion "1"]
[SourceVersionDate "2022.09.30"]
[SourceQuality "1"]

1. d4 Nf6 2. c4 c5 3. d5 g6 4. Nc3 d6 5. e4 Bg7 6. h3 0-0 7. Bd3 e6 8. Nf3 Na6 9. 0-0 Nc7 10. Bf4 e5 11. Be3 Rb8 12. a3 a6 13. b4 b6 14. Rb1 Bd7 15. Qc2 Qe7 16. Rb2 Rfc8 17. Rfb1 Qd8 18. bxc5 bxc5 19. Bd2 Nce8 20. Na4 Rxb2 21. Rxb2 Rb8 22. Rxb8 Qxb8 23. Qb2 Qxb2 24. Nxb2 Nh5 25. Bc2 Kf8 26. Na4 Nf4 27. Nb6 Ke7 28. Kf1 Bf6 29. Nxd7 Kxd7 30. g3 Nh5 31. Ba4+ Ke7 32. Ba5 Bg7 33. Ke2 Nhf6 34. Kd3 Nd7 35. Ng5 Nef6 36. Bc6 h6 37. Nf3 Ne8 38. Bb7 Nb8 39. Bc8 Bf8 40. a4 Kf6 41. Bb6 Ke7 42. g4 Nd7 43. Ba5 Nb8 44. Bb6 Nf6 45. Bc7 Nfd7 46. Nd2 Ke8 47. Nb3 Be7 48. Bb7 h5 49. gxh5 gxh5 50. Bc8 h4 51. Nd2 Kf8 52. Nf1 Kg7 53. Ne3 Bg5 54. Nf5+ Kg6 55. Nxd6 Bf6 56. Ke2 Bg7 57. Kf3 Bf8 58. Nf5 f6 59. Nxh4+ Kg5 60. Nf5 Bh6 61. Kg3 a5 62. Bxa5 Nf8 63. Bd2+ 1-0

[Event "Pardubice rapid op 33rd"]
[Site "Pardubice"]
[Date "2022.07.20"]
[Round "2"]
[White "Pacl, Vaclav"]
[Black "Luch, Michal"]
[Result "0-1"]
[WhiteElo "2036"]
[BlackElo "2375"]
[PlyCount "68"]
[EventDate "2022.07.20"]
[EventType "swiss (rapid)"]
[EventRounds "9"]
[EventCountry "CZE"]
[SourceTitle "CBM 209 Extra"]
[Source "ChessBase"]
[SourceDate "2022.09.30"]
[SourceVersion "1"]
[SourceVersionDate "2022.09.30"]
[SourceQuality "1"]

1. c4 e6 2. Nf3 d5 3. e3 Nf6 4. b3 a5 5. Nc3 Be7 6. d4 0-0 7. Bd3 b6 8. 0-0 Bb7 9. Qc2 c5 10. cxd5 exd5 11. Nb5 Nc6 12. a3 a4 13. dxc5 axb3 14. Qxb3 bxc5 15. Bf5 g6 16. Bh3 Ba6 17. a4 c4 18. Qb1 Ne4 19. Bb2 Rb8 20. Ne5 Nxe5 21. Bxe5 Rb7 22. Rd1 Bf6 23. Bxf6 Qxf6 24. Qc2 Bxb5 25. axb5 Rxb5 26. f3 Rb2 27. Qc1 Nf2 28. Rd4 Nxh3+ 29. gxh3 Rfb8 30. f4 Qf5 31. Ra8 Rxa8 32. Qxb2 Qxh3 33. Qc3 Qf3 34. Rd2 Re8 0-1

[Event "BL2-Nord 2122"]
[Site "Germany"]
[Date "2022.05.01"]
[Round "4.6"]
[White "Melamed, Tatiana"]
[Black "Luch, Michal"]
[Result "1/2-1/2"]
[WhiteElo "2346"]
[BlackElo "2368"]
[PlyCount "22"]
[EventDate "2022.03.05"]
[EventType "team-tourn"]
[EventRounds "10"]
[EventCountry "GER"]
[SourceTitle "EXT 2023"]
[Source "ChessBase"]
[SourceDate "2022.10.05"]
[SourceVersion "1"]
[SourceVersionDate "2022.10.05"]
[SourceQuality "1"]
[WhiteTeam "Magdeburg"]
[BlackTeam "Zehlendorf"]
[WhiteTeamCountry "GER"]
[BlackTeamCountry "GER"]

1. e4 c5 2. c3 Nf6 3. e5 Nd5 4. d4 cxd4 5. cxd4 e6 6. Nf3 b6 7. Nc3 Nxc3 8. bxc3 Qc7 9. Bd2 Be7 10. Bd3 Ba6 11. Bxa6 Nxa6 1/2-1/2

[Event "POL-ch Ekstraliga-A Rapid"]
[Site "Bydgoszcz"]
[Date "2022.03.12"]
[Round "6.2"]
[White "Luch, Michal"]
[Black "Niedbala, Bartlomiej"]
[Result "1-0"]
[WhiteElo "2368"]
[BlackElo "2385"]
[PlyCount "189"]
[EventDate "2022.03.11"]
[EventType "team-tourn (rapid)"]
[EventRounds "10"]
[EventCountry "POL"]
[SourceTitle "CBM 207 Extra"]
[Source "ChessBase"]
[SourceDate "2022.05.31"]
[SourceVersion "1"]
[SourceVersionDate "2022.05.31"]
[SourceQuality "1"]
[WhiteTeam "Wisznia Mala Bialy Krol"]
[BlackTeam "Jastrzebie Zdroj Pionier"]
[WhiteTeamCountry "POL"]
[BlackTeamCountry "POL"]

1. d4 Nf6 2. c4 e6 3. Nc3 Bb4 4. Qc2 0-0 5. a3 Bxc3+ 6. Qxc3 b6 7. Bg5 Bb7 8. f3 c5 9. dxc5 bxc5 10. e3 Nc6 11. Bd3 d6 12. Ne2 Qa5 13. Kf2 Qxc3 14. Nxc3 Nd7 15. Rhd1 Nde5 16. Be2 Na5 17. b4 cxb4 18. axb4 Naxc4 19. f4 f6 20. Bh4 Ng6 21. Bxc4 Nxh4 22. Bxe6+ Kh8 23. g3 Ng6 24. Rxd6 a6 25. Na4 Rab8 26. Nc5 Bc8 27. Ra4 Bxe6 28. Rxe6 h6 29. Rexa6 Rfd8 30. Ke2 Ne7 31. e4 Rd4 32. Re6 Ng6 33. h4 Kg8 34. h5 Nf8 35. Re7 Rc4 36. Kf3 Rd4 37. Kg4 Rbxb4 38. Raa7 Rbc4 39. Rxg7+ Kh8 40. Rgf7 Kg8 41. Rg7+ Kh8 42. Rgc7 Rd8 43. Kf5 Rcd4 44. Ne6 Nxe6 45. Kxe6 Rxe4+ 46. Kf5 Re3 47. Rh7+ Kg8 48. Rag7+ Kf8 49. Rf7+ Kg8 50. Rhg7+ Kh8 51. Rg6 Rd5+ 52. Kg4 f5+ 53. Kh4 Re1 54. Rxh6+ Kg8 55. Ra7 Rd3 56. Rg6+ Kh8 57. Kg5 Re8 58. Kxf5 Rf8+ 59. Kg4 Rc8 60. Rh6+ Kg8 61. Rg6+ Kh8 62. Ra5 Rcc3 63. Kh4 Rd1 64. Rg4 Rc8 65. Ra6 Kh7 66. Ra7+ Kh8 67. Ra6 Kh7 68. Kg5 Rd5+ 69. f5 Rf8 70. Ra7+ Kh8 71. Rf4 Rg8+ 72. Kh4 Rd1 73. g4 Rh1+ 74. Kg3 Rg1+ 75. Kf3 Rf1+ 76. Kg3 Rg1+ 77. Kh3 Rh1+ 78. Kg2 Rxh5 79. f6 Rhg5 80. Kg3 R5g6 81. Ra5 Rf8 82. g5 Kg8 83. Kg4 Kf7 84. Re4 Rc8 85. Ra7+ Kf8 86. Ree7 Rg8 87. Rec7 Rb8 88. Kh5 Rh8+ 89. Kg6 Rg8+ 90. Rg7 Rh8 91. Raf7+ Ke8 92. Rb7 Ra8 93. Rh7 Rg8+ 94. Kh6 Kf8 95. g6 1-0

[Event "POL-ch Ekstraliga-A Rapid"]
[Site "Bydgoszcz"]
[Date "2022.03.11"]
[Round "5.1"]
[White "Luch, Michal"]
[Black "Murdzia, Piotr"]
[Result "1-0"]
[WhiteElo "2368"]
[BlackElo "2423"]
[PlyCount "116"]
[EventDate "2022.03.11"]
[EventType "team-tourn (rapid)"]
[EventRounds "10"]
[EventCountry "POL"]
[SourceTitle "CBM 207 Extra"]
[Source "ChessBase"]
[SourceDate "2022.05.31"]
[SourceVersion "1"]
[SourceVersionDate "2022.05.31"]
[SourceQuality "1"]
[WhiteTeam "Wisznia Mala Bialy Krol"]
[BlackTeam "Bydgoszcz Hetman"]
[WhiteTeamCountry "POL"]
[BlackTeamCountry "POL"]

1. d4 Nf6 2. c4 c5 3. d5 b5 4. Qc2 g6 5. e4 d6 6. cxb5 Bg7 7. Nc3 0-0 8. Bd3 a6 9. b6 Nbd7 10. Nf3 Nxb6 11. 0-0 e6 12. dxe6 Bxe6 13. Rd1 Re8 14. h3 d5 15. exd5 Nfxd5 16. Nxd5 Bxd5 17. Bg5 Qc7 18. Be2 Be4 19. Qd2 Nd5 20. Rac1 Rab8 21. b3 a5 22. Nh2 h5 23. Nf1 a4 24. Bc4 Nb4 25. bxa4 Bd4 26. Be3 Nc6 27. Bb5 Red8 28. Bxc6 Bxc6 29. Bxd4 Rxd4 30. Qg5 Rxd1 31. Rxd1 Bxa4 32. Rc1 c4 33. Ne3 c3 34. Nd5 Qd6 35. Nf6+ Kg7 36. Nxh5+ Kf8 37. Qh6+ Ke7 38. Qg5+ Kf8 39. Nf6 Kg7 40. Ne4 Qd4 41. Nxc3 Rb2 42. Qe3 Qxe3 43. fxe3 Bc6 44. e4 f5 45. Nd1 Rb6 46. exf5 gxf5 47. Kf2 Bd5 48. Rc2 Kf6 49. Ne3 Be4 50. Rd2 Ra6 51. Kg3 Ra4 52. Kf2 Ke5 53. Nd1 Ra3 54. Ne3 Rc3 55. g3 Bc6 56. Re2 Be4 57. Rb2 Kd4 58. h4 Rc5 1-0

[Event "Roquetas de Mar op 33rd"]
[Site "Roquetas de Mar"]
[Date "2022.01.08"]
[Round "8"]
[White "Del Rio de Angelis, Salvador Gabriel"]
[Black "Luch, Michal"]
[Result "1/2-1/2"]
[WhiteElo "2453"]
[BlackElo "2370"]
[PlyCount "145"]
[EventDate "2022.01.04"]
[EventType "swiss"]
[EventRounds "9"]
[EventCountry "ESP"]
[SourceTitle "EXT 2023"]
[Source "ChessBase"]
[SourceDate "2022.10.05"]
[SourceVersion "1"]
[SourceVersionDate "2022.10.05"]
[SourceQuality "1"]

1. d4 d5 2. c4 e6 3. cxd5 exd5 4. Nc3 c6 5. Bf4 Bf5 6. f3 Nf6 7. g4 Be6 8. e3 Be7 9. Bd3 Nfd7 10. Qd2 b5 11. Qg2 Qa5 12. Nge2 b4 13. Nd1 c5 14. 0-0 Nc6 15. Nf2 Qb6 16. dxc5 Bxc5 17. Rac1 Nce5 18. Kh1 Bxe3 19. Bxe3 Qxe3 20. Bb5 Qxf3 21. Qxf3 Nxf3 22. Nd3 Nd2 23. Rf4 0-0 24. Nxb4 Ne5 25. h3 Ne4 26. Kg2 Rac8 27. Rff1 Nd2 28. Rxc8 Rxc8 29. Rc1 Rxc1 30. Nxc1 f5 31. gxf5 Bxf5 32. Ne2 Kf7 33. Nf4 d4 34. Ne2 Ndf3 35. Kg3 d3 36. Bxd3 Bxd3 37. Nxd3 Nxd3 38. Kxf3 Nxb2 39. Ke4 Kf6 40. Nd4 Nd1 41. Kf3 Nc3 42. a3 a6 43. Nb3 Ke5 44. Nc5 a5 45. a4 h5 46. Nb3 Nxa4 47. Nxa5 Nb6 48. Nc6+ Kd5 49. Nb4+ Ke6 50. Kf4 Kf6 51. h4 g6 52. Ke4 Nc4 53. Nd5+ Kf7 54. Ne3 Nd6+ 55. Ke5 Nc8 56. Nf5 Nb6 57. Nd6+ Ke7 58. Ne4 Nc4+ 59. Kf4 Ke6 60. Ng5+ Kd5 61. Nf7 Ke6 62. Ng5+ Kf6 63. Ne4+ Kg7 64. Ng5 Nd6 65. Ke5 Nf5 66. Nf3 Kf7 67. Ng5+ Ke7 68. Nf3 Nd6 69. Ng5 Nc4+ 70. Kf4 Kf6 71. Ne4+ Ke6 72. Ng5+ Kd5 73. Nf7 1/2-1/2

[Event "Roquetas de Mar op 33rd"]
[Site "Roquetas de Mar"]
[Date "2022.01.08"]
[Round "7"]
[White "Luch, Michal"]
[Black "Jakubowski, Krzysztof"]
[Result "1/2-1/2"]
[WhiteElo "2370"]
[BlackElo "2470"]
[PlyCount "34"]
[EventDate "2022.01.04"]
[EventType "swiss"]
[EventRounds "9"]
[EventCountry "ESP"]
[SourceTitle "EXT 2023"]
[Source "ChessBase"]
[SourceDate "2022.10.05"]
[SourceVersion "1"]
[SourceVersionDate "2022.10.05"]
[SourceQuality "1"]

1. d4 Nf6 2. c4 e6 3. Nc3 Bb4 4. Qc2 d5 5. a3 Bxc3+ 6. Qxc3 0-0 7. Bg5 dxc4 8. Qxc4 h6 9. Bh4 b6 10. e3 Ba6 11. Qa4 Bxf1 12. Kxf1 Nbd7 13. Qc6 Rc8 14. Ne2 Nb8 15. Qf3 Nbd7 16. Qc6 Nb8 17. Qf3 Nbd7 1/2-1/2